[Event "23rd European Teams"]
[Site "Terme Catez SLO"]
[Date "2021.11.12"]
[Round "1.13"]
[Board "2"]
[White "Ivanisevic, Ivan"]
[Black "Pasko, Llambi"]
[Result "1/2-1/2"]
[WhiteTitle "GM"]
[BlackTitle "IM"]
[WhiteElo "2604"]
[BlackElo "2417"]
[WhiteTeam "Serbia"]
[BlackTeam "Albania"]
[WhiteFideId "912417"]
[BlackFideId "4701178"]
[EventDate "2021.11.12"]

1. d4 d5 2. c4 c6 3. Nf3 Nf6 4. Nc3 e6 5. g3 Nbd7 6. Bg2 Bd6 7. O-O O-O 8. Nd2
Re8 9. e4 e5 10. exd5 cxd5 11. cxd5 exd4 12. Nce4 Bf8 13. Nxf6+ Nxf6 14. Nb3
Nxd5 15. Nxd4 Nf6 16. Be3 Bc5 17. Nf5 Bxf5 18. Bxc5 Be4 19. Bh3 Qa5 20. b4 Qa3
21. Qb3 Qxb3 22. axb3 a6 23. Rfd1 Bc6 24. Bg2 Rac8 25. Bd4 Bxg2 26. Kxg2 Red8
27. Bb6 Rd5 28. Rac1 Rxc1 29. Rxc1 h5 30. Rc8+ Kh7 31. Bc5 Kg6 32. Rb8 Rd7 33.
h3 Kf5 34. Kf3 1/2-1/2

[Event "23rd European Teams"]
[Site "Terme Catez SLO"]
[Date "2021.11.12"]
[Round "1.13"]
[Board "3"]
[White "Ashiku, Franc"]
[Black "Markus, Robert"]
[Result "0-1"]
[WhiteTitle "IM"]
[BlackTitle "GM"]
[WhiteElo "2419"]
[BlackElo "2609"]
[WhiteTeam "Albania"]
[BlackTeam "Serbia"]
[WhiteFideId "4700066"]
[BlackFideId "921637"]
[EventDate "2021.11.12"]

1. d4 Nf6 2. c4 d6 3. Nc3 Nbd7 4. Nf3 g6 5. g3 Bg7 6. Bg2 O-O 7. O-O e5 8. e4
exd4 9. Nxd4 Re8 10. h3 Nc5 11. Re1 a5 12. Bg5 h6 13. Bf4 a4 14. Qc2 Nfxe4 15.
Nxe4 Bxd4 16. Red1 Nxe4 17. Rxd4 Ng5 18. Qd2 Qf6 19. h4 Nh3+ 20. Kh2 Nxf4 21.
Rxf4 Qg7 22. Bd5 Be6 23. Re1 a3 24. bxa3 Bxd5 25. Rxe8+ Rxe8 26. cxd5 Qa1 27.
Rc4 Qf1 28. Rc1 Re2 29. Rxf1 Rxd2 30. Rc1 Rxf2+ 31. Kg1 Rxa2 32. Rxc7 Rxa3 33.
Kf2 Rd3 34. h5 b5 35. hxg6 fxg6 36. Rb7 Rxd5 37. Kf3 Kf8 38. Kf4 h5 39. Ke4 Re5+
40. Kf4 Ke8 41. Rg7 g5+ 42. Kf3 Kd8 43. Rh7 Kc8 0-1

[Event "23rd European Teams"]
[Site "Terme Catez SLO"]
[Date "2021.11.12"]
[Round "1.14"]
[Board "1"]
[White "Brkic, Ante"]
[Black "Pancevski, Filip"]
[Result "1-0"]
[WhiteTitle "GM"]
[BlackTitle "IM"]
[WhiteElo "2599"]
[BlackElo "2490"]
[WhiteTeam "Croatia"]
[BlackTeam "North Macedonia"]
[WhiteFideId "14506688"]
[BlackFideId "15002187"]
[EventDate "2021.11.12"]

1. e4 e5 2. Nf3 Nc6 3. Bb5 a6 4. Ba4 d6 5. O-O Bd7 6. c4 g6 7. Bxc6 Bxc6 8. Nc3
Bg7 9. d4 Ne7 10. dxe5 dxe5 11. Qb3 O-O 12. Be3 Qc8 13. Rac1 Bd7 14. Bc5 Re8 15.
Bxe7 Rxe7 16. Nd5 Re8 17. Rfd1 h6 18. Rd2 Be6 19. Qa3 Qb8 20. Qc5 c6 21. Nb6 Qa7
22. Rcd1 Bxc4 23. b4 Be6 24. Nxa8 Rxa8 25. Rd8+ Kh7 26. Qe7 Rxd8 27. Rxd8 Qb6
28. h4 Bxa2 29. Qe8 h5 30. Ng5+ Kh6 31. Qg8 1-0

[Event "23rd European Teams"]
[Site "Terme Catez SLO"]
[Date "2021.11.12"]
[Round "1.14"]
[Board "2"]
[White "Nikolovski, Nikola"]
[Black "Bosiocic, Marin"]
[Result "1-0"]
[WhiteTitle "IM"]
[BlackTitle "GM"]
[WhiteElo "2401"]
[BlackElo "2545"]
[WhiteTeam "North Macedonia"]
[BlackTeam "Croatia"]
[WhiteFideId "15002314"]
[BlackFideId "14507927"]
[EventDate "2021.11.12"]

1. e4 c5 2. Nc3 Nc6 3. Bb5 Nd4 4. Nf3 e6 5. O-O a6 6. Bd3 Nc6 7. Nd5 d6 8. Ne3
Nf6 9. c3 Rg8 10. Bc2 g5 11. d4 g4 12. Nh4 cxd4 13. cxd4 Be7 14. d5 Nb4 15. Bb1
a5 16. a3 Na6 17. b4 Bd7 18. Bb2 axb4 19. axb4 Nxb4 20. dxe6 fxe6 21. Rxa8 Qxa8
22. Nc4 Qa6 23. e5 dxe5 24. Nxe5 Bb5 25. Re1 Nbd5 26. Qc1 Bd7 27. Bd3 Qa5 28.
Re2 Qb6 29. g3 Nb4 30. Bc4 Nbd5 31. Qa1 Rf8 32. Qa8+ Bd8 33. Nf5 Ne4 34. Bxd5
exf5 35. Nxd7 Qb5 36. Nf6+ Rxf6 37. Bxf6 Qxd5 38. Qxd8+ Qxd8 39. Bxd8 Kxd8 40.
Kg2 Kd7 41. f3 Nd6 42. fxg4 fxg4 43. Kf2 Nf7 44. Ke3 b5 45. Kf4 Nd6 46. Ke5 Kc6
47. Rc2+ Nc4+ 48. Kd4 Kd6 49. Rf2 Ke6 50. Kc5 Ne5 51. Re2 Kf5 52. Kxb5 h5 53.
Kc5 Nf3 54. Kc4 h4 55. Kd3 hxg3 56. hxg3 Ne5+ 57. Kd4 Nf3+ 58. Ke3 Ng5 59. Ra2
Nh3 60. Ra5+ Kg6 61. Ke4 Kf6 62. Ra8 Kg5 1-0

[Event "23rd European Teams"]
[Site "Terme Catez SLO"]
[Date "2021.11.12"]
[Round "1.15"]
[Board "1"]
[White "Subelj, Jan"]
[Black "Nabaty, Tamir"]
[Result "1/2-1/2"]
[WhiteTitle "IM"]
[BlackTitle "GM"]
[WhiteElo "2458"]
[BlackElo "2649"]
[WhiteTeam "Slovenia 2"]
[BlackTeam "Israel"]
[WhiteFideId "14618583"]
[BlackFideId "2809052"]
[EventDate "2021.11.12"]

1. e4 e5 2. Nf3 Nc6 3. Bb5 a6 4. Ba4 Be7 5. O-O d6 6. c3 Bf6 7. Bxc6+ bxc6 8. d4
exd4 9. cxd4 Bg4 10. Be3 Ne7 11. Nbd2 O-O 12. h3 Bxf3 13. Nxf3 g6 14. Rc1 Qb8
15. Qc2 Qb5 16. Rfe1 Rab8 17. e5 Bg7 18. exd6 cxd6 19. Bf4 Nf5 20. g4 Nxd4 21.
Nxd4 Bxd4 22. Bxd6 Qxb2 23. Re2 Rfe8 24. Qxb2 Bxb2 25. Rxe8+ Rxe8 26. Rxc6 a5
27. Ra6 Bc3 28. Bc7 Re1+ 29. Kg2 Re2 30. a4 Bd4 31. Bg3 1/2-1/2

[Event "23rd European Teams"]
[Site "Terme Catez SLO"]
[Date "2021.11.12"]
[Round "1.16"]
[Board "1"]
[White "Lupulescu, Constantin"]
[Black "Agopov, Mikael"]
[Result "1/2-1/2"]
[WhiteTitle "GM"]
[BlackTitle "IM"]
[WhiteElo "2624"]
[BlackElo "2430"]
[WhiteTeam "Romania"]
[BlackTeam "Finland"]
[WhiteFideId "1207822"]
[BlackFideId "501840"]
[EventDate "2021.11.12"]

1. e4 c5 2. f4 d5 3. Bb5+ Bd7 4. Bxd7+ Qxd7 5. d3 Nc6 6. Nf3 e6 7. O-O Bd6 8.
Qe2 Nge7 9. Be3 d4 10. Bc1 f5 11. Na3 O-O 12. Nc4 Bc7 13. a4 Rae8 14. Bd2 Ng6
15. e5 Nge7 16. Rfb1 Rb8 17. c3 Rfd8 18. cxd4 Nxd4 19. Nxd4 Qxd4+ 20. Be3 Qd5
21. Ra3 Nc6 22. Rc1 b6 23. Nd2 Rd7 24. Nf3 Bd8 25. Rcc3 Be7 26. Ra1 Rbd8 27. h3
Nb4 28. Rd1 Qb7 29. b3 Qa6 30. Ne1 Nd5 31. Rc4 Nb4 32. Rc3 Nd5 33. Rc4 Nb4 1/2-1/2

[Event "23rd European Teams"]
[Site "Terme Catez SLO"]
[Date "2021.11.12"]
[Round "1.17"]
[Board "1"]
[White "Saraci, Nderim"]
[Black "Yilmaz, Mustafa"]
[Result "0-1"]
[WhiteTitle "IM"]
[BlackTitle "GM"]
[WhiteElo "2486"]
[BlackElo "2626"]
[WhiteTeam "Kosovo"]
[BlackTeam "Turkey"]
[WhiteFideId "6351921"]
[BlackFideId "6302718"]
[EventDate "2021.11.12"]

1. d4 Nf6 2. c4 e6 3. Nf3 d5 4. g3 dxc4 5. Bg2 a6 6. O-O Nc6 7. Bg5 Be7 8. e3
Bd7 9. Nfd2 Na5 10. Qc2 Rc8 11. Rd1 b5 12. Nc3 O-O 13. a4 c6 14. Bxf6 gxf6 15.
Nce4 Qb6 16. b4 cxb3 17. Nxb3 Nxb3 18. Qxb3 Rfd8 19. Rdc1 e5 20. Nc5 Bf5 21. Qb2
a5 22. h4 Bf8 23. Qc3 b4 24. Qb2 Bg7 25. Rc4 exd4 26. exd4 Rd6 27. Rac1 Be6 28.
Nxe6 fxe6 29. Qe2 Kh8 30. g4 b3 31. Be4 f5 32. gxf5 exf5 33. Bxf5 Rf8 34. Bb1
Qb7 35. Qe4 Rg6+ 36. Kh1 Qd7 37. R1c3 Re8 38. Qf5 Re1+ 39. Kh2 Qxf5 40. Bxf5 Rf6
41. Bd3 b2 42. Rxc6 Rxf2+ 43. Kg3 Rf8 0-1

[Event "23rd European Teams"]
[Site "Terme Catez SLO"]
[Date "2021.11.12"]
[Round "1.18"]
[Board "2"]
[White "Bremner, Adam"]
[Black "Thybo, Jesper Sondergaard"]
[Result "0-1"]
[WhiteTitle "CM"]
[BlackTitle "GM"]
[WhiteElo "2204"]
[BlackElo "2604"]
[WhiteTeam "Scotland"]
[BlackTeam "Denmark"]
[WhiteFideId "2400847"]
[BlackFideId "1438832"]
[EventDate "2021.11.12"]

1. d4 Nf6 2. c4 e6 3. Nf3 b6 4. g3 Bb4+ 5. Bd2 a5 6. Bg2 Bb7 7. O-O O-O 8. a3
Bxd2 9. Qxd2 d6 10. Qc2 Nbd7 11. Nbd2 a4 12. b4 axb3 13. Nxb3 Be4 14. Qb2 Ra4
15. Rfc1 Qa8 16. Rc3 e5 17. dxe5 Nxe5 18. Nbd2 Bc6 19. Nh4 Ne4 20. Nxe4 Bxe4 21.
Qc1 Re8 22. h3 Qc6 23. f3 Qc5+ 24. Qe3 g5 25. Qxc5 bxc5 26. f4 Bxg2 27. fxe5
Bxh3 28. Nf3 h6 29. Kf2 Be6 30. exd6 cxd6 31. Nd2 Bg4 32. Nf3 Rb8 33. Rd1 Rb6
34. Nd2 Bf5 35. Nf1 Be6 36. Ne3 Kg7 37. g4 Raa6 38. Nd5 Rb7 39. Ne3 Kg6 40. Rcd3
Rd7 41. Rh1 f6 42. Nf5 Rh7 43. e4 Bxc4 44. Rxd6 Rxd6 45. Nxd6 Bb3 46. Nf5 c4 47.
Rh3 Bc2 48. Nd6 Bd1 49. Rg3 Rc7 50. Ke1 Bb3 51. Rc3 h5 52. gxh5+ Kxh5 53. Nf5
Kg4 54. Ne3+ Kh5 55. Nf5 Rd7 56. Ke2 g4 57. Ke3 Ra7 58. Nd6 Ra6 59. Nf5 Kg5 60.
Kd4 Rxa3 61. Nd6 Ra1 62. Nf7+ Kf4 63. Nh8 Rd1+ 64. Kc5 g3 65. Ng6+ Kg4 0-1

[Event "23rd European Teams"]
[Site "Terme Catez SLO"]
[Date "2021.11.13"]
[Round "2.1"]
[Board "1"]
[White "Grischuk, Alexander"]
[Black "Navara, David"]
[Result "1/2-1/2"]
[WhiteTitle "GM"]
[BlackTitle "GM"]
[WhiteElo "2773"]
[BlackElo "2699"]
[WhiteTeam "Russia"]
[BlackTeam "Czech Republic"]
[WhiteFideId "4126025"]
[BlackFideId "309095"]
[EventDate "2021.11.12"]

1. e4 e5 2. Nf3 Nc6 3. Bb5 Nf6 4. O-O Nxe4 5. d4 Nd6 6. Bxc6 dxc6 7. dxe5 Nf5 8.
Qxd8+ Kxd8 9. h3 Be7 10. Nc3 Nh4 11. Nxh4 Bxh4 12. Be3 Ke8 13. Rad1 h5 14. Ne4
Be7 15. Rfe1 Bf5 16. Bf4 Rd8 17. Nd6+ cxd6 18. exd6 Be6 19. dxe7 Kxe7 20. a4
Rxd1 21. Rxd1 Rd8 22. Rxd8 Kxd8 23. a5 b6 24. axb6 axb6 25. b4 c5 26. bxc5 bxc5
27. Be3 Bf5 28. Bxc5 Bxc2 29. h4 Ke8 30. Be3 Bf5 31. Bc1 Bc8 1/2-1/2

[Event "23rd European Teams"]
[Site "Terme Catez SLO"]
[Date "2021.11.13"]
[Round "2.1"]
[Board "2"]
[White "Nguyen, Thai Dai Van"]
[Black "Dubov, Daniil"]
[Result "1/2-1/2"]
[WhiteTitle "GM"]
[BlackTitle "GM"]
[WhiteElo "2594"]
[BlackElo "2714"]
[WhiteTeam "Czech Republic"]
[BlackTeam "Russia"]
[WhiteFideId "358878"]
[BlackFideId "24126055"]
[EventDate "2021.11.12"]

1. e4 e5 2. Nf3 Nc6 3. Bb5 a6 4. Ba4 Nf6 5. O-O b5 6. Bb3 Bc5 7. a4 Rb8 8. c3 d6
9. d4 Bb6 10. a5 Ba7 11. h3 O-O 12. Be3 exd4 13. cxd4 Ne7 14. e5 Nfd5 15. Bg5
Bb7 16. Nc3 Qd7 17. Re1 Rbe8 18. Bxe7 Nxc3 19. bxc3 Rxe7 20. Qd3 g6 21. Rad1 Kg7
22. c4 Rfe8 23. cxb5 axb5 24. Qc3 b4 25. Qxb4 Bxf3 26. gxf3 Qxh3 27. exd6 Re5
28. Rxe5 Rxe5 29. dxe5 Qg3+ 30. Kh1 Qxf3+ 31. Kh2 Qxf2+ 32. Kh1 Qf3+ 33. Kh2
Qf2+ 34. Kh1 Qg3 35. Qd2 Bf2 36. Qd3 Be3 37. Qxe3 Qxe3 38. d7 Qxb3 39. d8=Q Qh3+
40. Kg1 Qg3+ 1/2-1/2

[Event "23rd European Teams"]
[Site "Terme Catez SLO"]
[Date "2021.11.13"]
[Round "2.1"]
[Board "3"]
[White "Artemiev, Vladislav"]
[Black "Zilka, Stepan"]
[Result "1-0"]
[WhiteTitle "GM"]
[BlackTitle "GM"]
[WhiteElo "2699"]
[BlackElo "2593"]
[WhiteTeam "Russia"]
[BlackTeam "Czech Republic"]
[WhiteFideId "24101605"]
[BlackFideId "315303"]
[EventDate "2021.11.12"]

1. c4 e6 2. g3 d5 3. Bg2 d4 4. Nf3 Nf6 5. d3 Bb4+ 6. Bd2 a5 7. O-O Nc6 8. e3 O-O
9. exd4 Bxd2 10. Nbxd2 Nxd4 11. Nxd4 Qxd4 12. Qc2 Ra6 13. Nf3 Qa7 14. d4 Rd6 15.
c5 Rdd8 16. Rfd1 Bd7 17. Ne5 Bb5 18. Qb3 c6 19. a4 Ba6 20. Qc3 Be2 21. Rd2 Bh5
22. Re1 Rfe8 23. Nc4 Ra8 24. h3 Bg6 25. g4 Nd5 26. Qg3 Qb8 27. Nd6 Rd8 28. h4 h6
29. h5 Bh7 30. Bxd5 cxd5 31. Re3 Ra6 32. g5 hxg5 33. Qxg5 f6 34. Qg3 Raxd6 35.
cxd6 Qxd6 36. Qxd6 Rxd6 37. Rc3 Bf5 38. Rc7 Bg4 39. h6 gxh6 40. Rxb7 e5 41. Ra7
e4 42. Rc2 f5 43. Rc8+ Rd8 44. Rxd8# 1-0

[Event "23rd European Teams"]
[Site "Terme Catez SLO"]
[Date "2021.11.13"]
[Round "2.1"]
[Board "4"]
[White "Plat, Vojtech"]
[Black "Esipenko, Andrey"]
[Result "0-1"]
[WhiteTitle "GM"]
[BlackTitle "GM"]
[WhiteElo "2548"]
[BlackElo "2713"]
[WhiteTeam "Czech Republic"]
[BlackTeam "Russia"]
[WhiteFideId "325740"]
[BlackFideId "24175439"]
[EventDate "2021.11.12"]

1. d4 Nf6 2. c4 e6 3. Nc3 Bb4 4. Nf3 d5 5. e3 O-O 6. Bd2 b6 7. cxd5 exd5 8. Bd3
Bb7 9. Rc1 a6 10. O-O Bd6 11. Ne5 c5 12. f4 Nc6 13. Be1 cxd4 14. Nxc6 Bxc6 15.
Ne2 Bd7 16. Nxd4 Re8 17. Bd2 Bc5 18. Re1 Ne4 19. b4 Bxd4 20. exd4 Bf5 21. Bf1 b5
22. Be3 Nd6 23. Rc5 Be4 24. a4 Qd7 25. a5 Re6 26. Bf2 Rae8 27. Bg3 Nf5 28. Qd2
h5 29. Rec1 h4 30. Bf2 Rg6 31. R1c3 Qe6 32. Qe2 Qd6 33. Qd2 Ree6 34. g3 hxg3 35.
hxg3 Qe7 36. Bh3 Qh4 37. Kh2 Qxh3+ 38. Kxh3 Rh6+ 39. Kg4 Reg6# 0-1

[Event "23rd European Teams"]
[Site "Terme Catez SLO"]
[Date "2021.11.13"]
[Round "2.2"]
[Board "1"]
[White "Indjic, Aleksandar"]
[Black "Mamedyarov, Shakhriyar"]
[Result "0-1"]
[WhiteTitle "GM"]
[BlackTitle "GM"]
[WhiteElo "2612"]
[BlackElo "2765"]
[WhiteTeam "Serbia"]
[BlackTeam "Azerbaijan"]
[WhiteFideId "911925"]
[BlackFideId "13401319"]
[EventDate "2021.11.12"]

1. d4 d5 2. Nf3 c5 3. c4 e6 4. cxd5 exd5 5. Bg5 f6 6. Bf4 Nc6 7. Nc3 g5 8. Bg3
g4 9. Nd2 cxd4 10. Nb5 Kf7 11. e4 dxe3 12. fxe3 Nh6 13. e4 dxe4 14. Qb3+ Kg7 15.
O-O-O Nd4 16. Qa4 Nxb5 17. Nxe4 Qe7 18. Bxb5 Bf5 19. Rd7 Bxd7 20. Bxd7 Rd8 21.
Rd1 Qb4 22. Qc2 Be7 23. a3 Qa5 24. Kb1 Qh5 25. Bc7 Qg6 26. Ka1 Nf7 27. Qe2 Ne5
28. Bxd8 Rxd8 29. Ng3 Kf8 30. Bf5 Rxd1+ 31. Qxd1 Qh6 32. Be6 Qxh2 33. Nf5 Qf4
34. Qc2 Nc6 35. Qd1 Bxa3 36. Qb3 Qc1+ 37. Ka2 Bc5 38. Qxb7 Nb4+ 39. Kb3 Qc2+ 40.
Ka3 Nd5+ 0-1

[Event "23rd European Teams"]
[Site "Terme Catez SLO"]
[Date "2021.11.13"]
[Round "2.2"]
[Board "2"]
[White "Radjabov, Teimour"]
[Black "Ivanisevic, Ivan"]
[Result "1/2-1/2"]
[WhiteTitle "GM"]
[BlackTitle "GM"]
[WhiteElo "2763"]
[BlackElo "2604"]
[WhiteTeam "Azerbaijan"]
[BlackTeam "Serbia"]
[WhiteFideId "13400924"]
[BlackFideId "912417"]
[EventDate "2021.11.12"]

1. Nf3 d5 2. d4 Nf6 3. c4 e6 4. Nc3 Nbd7 5. cxd5 exd5 6. Bg5 c6 7. Qc2 h6 8. Bh4
g5 9. Bg3 Nh5 10. O-O-O Nxg3 11. hxg3 Nb6 12. e4 Be6 13. Bd3 Qf6 14. e5 Qg7 15.
Nh2 g4 16. Ne2 O-O-O 17. Nf4 h5 18. Nf1 Qg5 19. Bh7 c5 20. Rxh5 Qe7 21. dxc5
Qxc5 22. Ne3 Nc4 23. Nfxd5 Kb8 24. Qxc4 Qxc4+ 25. Nxc4 Bxd5 26. Nd6 Bxa2 27.
Rhh1 Bg7 28. Bb1 Rxh1 29. Rxh1 Bxe5 30. Bxa2 Rxd6 31. f4 gxf3 32. gxf3 Rc6+ 33.
Kb1 Rb6 34. Rh2 Bxg3 35. Rg2 Be5 36. Bxf7 a5 37. Re2 Bd4 38. Ka2 Ka7 39. f4 Rf6
40. Bd5 Rf5 41. Bg2 b5 42. Re4 Bf6 43. Bf1 Rh5 44. Re6 Bd4 45. Bd3 a4 46. f5 Rh2
47. Re2 Rxe2 1/2-1/2

[Event "23rd European Teams"]
[Site "Terme Catez SLO"]
[Date "2021.11.13"]
[Round "2.2"]
[Board "3"]
[White "Markus, Robert"]
[Black "Guseinov, Gadir"]
[Result "1/2-1/2"]
[WhiteTitle "GM"]
[BlackTitle "GM"]
[WhiteElo "2609"]
[BlackElo "2665"]
[WhiteTeam "Serbia"]
[BlackTeam "Azerbaijan"]
[WhiteFideId "921637"]
[BlackFideId "13401378"]
[EventDate "2021.11.12"]

1. d4 d5 2. c4 c6 3. Nc3 Nf6 4. e3 Bf5 5. cxd5 cxd5 6. Qb3 Nc6 7. Qxb7 Bd7 8.
Qb3 Rb8 9. Qd1 e5 10. Nf3 Bd6 11. dxe5 Nxe5 12. Be2 O-O 13. O-O Qe7 14. a4 Rfc8
15. g3 Bh3 16. Re1 Bb4 17. Nxe5 Qxe5 18. Bd2 Ne4 19. Nxe4 dxe4 20. Bxb4 Rxb4 21.
Rb1 Rxb2 22. Rxb2 Qxb2 23. Bg4 Bxg4 24. Qxg4 Rc1 25. Rxc1 Qxc1+ 26. Kg2 Qc6 27.
Qf4 Qb7 28. Qd6 h5 29. h3 a6 30. Qe5 Qc6 31. a5 g6 32. Qb8+ Kg7 33. Qb6 Qc4 34.
Qd6 Kh7 35. Qf6 Kg8 36. Qe5 Kh7 37. g4 hxg4 38. hxg4 Kg8 39. Kg3 Kh7 40. g5 Kg8
41. Kf4 Qc2 42. Kg3 Qc4 43. Qe8+ Kg7 44. Qe5+ Kg8 45. Kf4 Qc2 46. Kg3 1/2-1/2

[Event "23rd European Teams"]
[Site "Terme Catez SLO"]
[Date "2021.11.13"]
[Round "2.2"]
[Board "4"]
[White "Abasov, Nijat"]
[Black "Perunovic, Milos"]
[Result "1-0"]
[WhiteTitle "GM"]
[BlackTitle "GM"]
[WhiteElo "2634"]
[BlackElo "2541"]
[WhiteTeam "Azerbaijan"]
[BlackTeam "Serbia"]
[WhiteFideId "13402960"]
[BlackFideId "921629"]
[EventDate "2021.11.12"]

1. e4 c5 2. Nf3 Nc6 3. Nc3 e5 4. Bc4 Be7 5. d3 d6 6. Nd2 Nf6 7. Nf1 O-O 8. Ne3
Nd7 9. O-O Nb6 10. Ned5 Nxc4 11. dxc4 Bg5 12. Qd3 Be6 13. a4 Kh8 14. b3 Nd4 15.
Bxg5 Qxg5 16. f4 exf4 17. Nxf4 a6 18. Nce2 Nxe2+ 19. Qxe2 Rae8 20. Qd3 Qe5 21.
h3 Bd7 22. Rad1 Bc6 23. Qxd6 Qxe4 24. Rf2 Qe3 25. Nd3 Rd8 26. Qf4 Qd4 27. Qxd4
cxd4 28. Ne5 f5 29. c3 d3 30. Rxd3 Rxd3 31. Nxd3 g6 32. Ne5 Be4 33. Rd2 Kg7 34.
Kf2 g5 35. Rd6 f4 36. Nf3 h6 37. Re6 Bb1 38. c5 Rf7 39. Nd4 Bd3 40. Kf3 h5 41.
Rb6 Bg6 42. a5 Re7 43. Ne6+ 1-0

[Event "23rd European Teams"]
[Site "Terme Catez SLO"]
[Date "2021.11.13"]
[Round "2.3"]
[Board "1"]
[White "Firouzja, Alireza"]
[Black "Saric, Ivan"]
[Result "1/2-1/2"]
[WhiteTitle "GM"]
[BlackTitle "GM"]
[WhiteElo "2770"]
[BlackElo "2665"]
[WhiteTeam "France"]
[BlackTeam "Croatia"]
[WhiteFideId "12573981"]
[BlackFideId "14508150"]
[EventDate "2021.11.12"]

1. e4 c5 2. Nf3 d6 3. d4 cxd4 4. Nxd4 Nf6 5. Nc3 a6 6. h3 g6 7. g4 Nc6 8. Be3
Nxd4 9. Qxd4 Bg7 10. O-O-O O-O 11. Qb4 a5 12. Qa3 Bd7 13. e5 Ne8 14. Nd5 Bc6 15.
Bg5 Bxd5 16. Rxd5 Bxe5 17. Rxe5 dxe5 18. Bxe7 Qd5 19. Rg1 Qd4 20. Qe3 Qxe3+ 21.
fxe3 Nc7 22. Bxf8 Kxf8 23. Bg2 Rb8 24. Rd1 Ke7 25. g5 b6 26. h4 Rd8 27. Rxd8
Kxd8 28. c4 Ke7 29. Kc2 f6 30. gxf6+ Kxf6 31. Kb3 Ke6 32. Ka4 1/2-1/2

[Event "23rd European Teams"]
[Site "Terme Catez SLO"]
[Date "2021.11.13"]
[Round "2.3"]
[Board "2"]
[White "Brkic, Ante"]
[Black "Vachier-Lagrave, Maxime"]
[Result "1/2-1/2"]
[WhiteTitle "GM"]
[BlackTitle "GM"]
[WhiteElo "2599"]
[BlackElo "2766"]
[WhiteTeam "Croatia"]
[BlackTeam "France"]
[WhiteFideId "14506688"]
[BlackFideId "623539"]
[EventDate "2021.11.12"]

1. e4 c5 2. Nf3 d6 3. d4 cxd4 4. Nxd4 Nf6 5. Nc3 a6 6. Be3 e5 7. Nb3 Be6 8. f3
Be7 9. Qd2 O-O 10. O-O-O Nbd7 11. g4 b5 12. g5 Nh5 13. Kb1 Nb6 14. Nd5 Nxd5 15.
exd5 Bf5 16. Na5 f6 17. Nc6 Qd7 18. h4 fxg5 19. hxg5 Ng3 20. Rh2 Nxf1 21. Rxf1
Rf7 22. Rhf2 Raf8 23. Qa5 Qc8 24. b3 Bd7 25. Nxe7+ Rxe7 26. Qb6 Bf5 27. Qxd6 Rc7
28. Rc1 Re8 29. Qb4 Rd7 30. Rd2 Qb7 31. Rcd1 Red8 32. Kb2 Rxd5 33. Rxd5 Rxd5 34.
Rxd5 Qxd5 35. Qe7 Qe6 36. Qxe6+ Bxe6 1/2-1/2

[Event "23rd European Teams"]
[Site "Terme Catez SLO"]
[Date "2021.11.13"]
[Round "2.3"]
[Board "3"]
[White "Bacrot, Etienne"]
[Black "Bosiocic, Marin"]
[Result "1-0"]
[WhiteTitle "GM"]
[BlackTitle "GM"]
[WhiteElo "2647"]
[BlackElo "2545"]
[WhiteTeam "France"]
[BlackTeam "Croatia"]
[WhiteFideId "605506"]
[BlackFideId "14507927"]
[EventDate "2021.11.12"]

1. Nf3 d5 2. g3 Bg4 3. Bg2 c6 4. h3 Bh5 5. c4 e6 6. O-O Nf6 7. d3 Be7 8. Qb3 Qb6
9. Be3 Qxb3 10. axb3 Bxf3 11. Bxf3 Na6 12. Nc3 O-O 13. cxd5 exd5 14. d4 Nc7 15.
Bd2 Ne6 16. e3 Ng5 17. Bg2 h5 18. f3 Ne6 19. Ne2 Rfd8 20. Kf2 Ne8 21. Nc1 c5 22.
dxc5 Nxc5 23. b4 Ne6 24. Rd1 f5 25. Nb3 Nf6 26. Bc3 h4 27. gxh4 f4 28. e4 Rac8
29. Nd4 Nxd4 30. Rxd4 a6 31. Kg1 Kf7 32. Rad1 Ke6 33. h5 dxe4 34. fxe4 Rxd4 35.
Rxd4 Rd8 36. Rxd8 Bxd8 37. Bf3 Bc7 38. Bg4+ Kf7 39. Bf3 Ke6 40. Bg4+ Kf7 41. e5
Nd5 42. e6+ Kf8 43. Bd4 Bb6 44. Bxb6 Nxb6 45. Bf3 Ke7 46. Bxb7 Kxe6 47. Bxa6 Kd6
48. Kf2 Nd5 49. b5 Nf6 50. h6 gxh6 51. Kf3 Nd5 52. Bb7 Nb4 53. Kxf4 Nd3+ 54. Kf5
Nxb2 55. Kg6 Ke7 56. Kxh6 Kf6 57. Bd5 Na4 58. h4 Nb6 59. Bb3 Nd7 60. h5 1-0

[Event "23rd European Teams"]
[Site "Terme Catez SLO"]
[Date "2021.11.13"]
[Round "2.3"]
[Board "4"]
[White "Martinovic, Sasa"]
[Black "Lagarde, Maxime"]
[Result "1/2-1/2"]
[WhiteTitle "GM"]
[BlackTitle "GM"]
[WhiteElo "2542"]
[BlackElo "2647"]
[WhiteTeam "Croatia"]
[BlackTeam "France"]
[WhiteFideId "14509792"]
[BlackFideId "662399"]
[EventDate "2021.11.12"]

1. d4 Nf6 2. c4 g6 3. Nc3 Bg7 4. e4 d6 5. h3 O-O 6. Be3 c5 7. Nf3 Qa5 8. Bd3
cxd4 9. Nxd4 Nc6 10. O-O Nxd4 11. Bxd4 Be6 12. Rc1 Rfc8 13. b3 a6 14. Qe2 Rab8
15. Ba7 Ra8 16. Bd4 Rab8 17. Ba7 Ra8 18. Bd4 Rab8 1/2-1/2

[Event "23rd European Teams"]
[Site "Terme Catez SLO"]
[Date "2021.11.13"]
[Round "2.4"]
[Board "1"]
[White "Nabaty, Tamir"]
[Black "Duda, Jan-Krzysztof"]
[Result "1/2-1/2"]
[WhiteTitle "GM"]
[BlackTitle "GM"]
[WhiteElo "2649"]
[BlackElo "2756"]
[WhiteTeam "Israel"]
[BlackTeam "Poland"]
[WhiteFideId "2809052"]
[BlackFideId "1170546"]
[EventDate "2021.11.12"]

1. d4 Nf6 2. Nf3 d5 3. Bf4 c5 4. e3 Nc6 5. Nbd2 Qb6 6. dxc5 Qxb2 7. Rb1 Qc3 8.
Bb5 g6 9. e4 dxe4 10. Be5 Qa5 11. O-O exf3 12. Qxf3 Qxb5 13. Bxf6 Qxf1+ 14. Kxf1
exf6 15. Qxf6 Rg8 16. Ne4 Be7 17. Nd6+ Bxd6 18. cxd6 Rb8 19. Re1+ Be6 20. Rxe6+
fxe6 21. Qxe6+ Kf8 22. Qf6+ Ke8 23. Qe6+ Kf8 24. Qf6+ Ke8 25. Qe6+ 1/2-1/2

[Event "23rd European Teams"]
[Site "Terme Catez SLO"]
[Date "2021.11.13"]
[Round "2.4"]
[Board "2"]
[White "Wojtaszek, Radoslaw"]
[Black "Mikhalevski, Victor"]
[Result "1-0"]
[WhiteTitle "GM"]
[BlackTitle "GM"]
[WhiteElo "2700"]
[BlackElo "2559"]
[WhiteTeam "Poland"]
[BlackTeam "Israel"]
[WhiteFideId "1118358"]
[BlackFideId "2801914"]
[EventDate "2021.11.12"]

1. Nf3 Nf6 2. c4 g6 3. Nc3 d5 4. cxd5 Nxd5 5. h4 Nxc3 6. bxc3 c5 7. h5 Bg7 8.
Qa4+ Bd7 9. Qf4 Nc6 10. e4 Qb8 11. Qe3 Qd6 12. Ba3 b6 13. h6 Bf6 14. Bb5 O-O 15.
Bxc6 Qxc6 16. e5 Bh8 17. O-O Qa4 18. c4 Qxc4 19. d4 cxd4 20. Nxd4 Rfe8 21. Rfd1
Ba4 22. Rd2 e6 23. Nf3 Rac8 24. Rd4 Qa6 25. Ng5 Red8 26. Qf4 Be8 27. Rxd8 Rxd8
28. Qb4 1-0